Trh s bioproduktmi a rozhodovanie spotrebiteľov o kúpe biopotravín v Rumunsku
Vývoj ekologického poľnohospodárstva a situácia na trhu s bioproduktami v Rumunsku.
Salvato in:
| Autore principale: | |
|---|---|
| Altri autori: | , , |
| Natura: | Capitolo di libro |
| Lingua: | slovacco |
| Soggetti: | |
| Tags: |
Nessun Tag, puoi essere il primo ad aggiungerne!!
|
MARC
| LEADER | 00000naa a2200000 4500 | ||
|---|---|---|---|
| 001 | 0161474 | ||
| 005 | 20231211131317.8 | ||
| 041 | 0 | |a slo | |
| 044 | |a SK | ||
| 245 | 1 | 0 | |a Trh s bioproduktmi a rozhodovanie spotrebiteľov o kúpe biopotravín v Rumunsku |c Dagmar Kozelová, Eva Matejková, Marcela Chreneková, Janko Eduard Potclan |
| 520 | |a Vývoj ekologického poľnohospodárstva a situácia na trhu s bioproduktami v Rumunsku. | ||
| 610 | 2 | 0 | |a bioprodukty |
| 610 | 2 | 0 | |a poľnohospodárstvo alternatívne |
| 610 | 2 | 0 | |a biochémia |
| 610 | 2 | 0 | |a Rumunsko |
| 610 | 2 | 0 | |a správanie spotrebiteľa |
| 100 | 1 | |a Kozelová, Dagmar | |
| 700 | 1 | |a Matejková, Eva | |
| 700 | 1 | |a Chreneková, Marcela | |
| 700 | 1 | |a Potclan, Janko Eduard | |